[Event "CP-2011-P-00027"]
[Site "LSS email"]
[Date "2011.09.30"]
[Round "?"]
[White "Enio, Walter"]
[Black "Nikel, Bogdan"]
[Result "0-1"]
[WhiteElo "994"]
[BlackElo "1907"]
[PlyCount "60"]
[EventDate "2011.10.01"]
[EventType "tourn (corr)"]
[EventRounds "6"]
[EventCountry "GER"]
[SourceTitle "Telechess CBM 153"]
[Source "ChessBase"]
[SourceDate "2013.03.14"]
[SourceVersion "1"]
[SourceVersionDate "2013.03.14"]
[SourceQuality "1"]

1. d4 Nf6 2. c4 e6 3. Nc3 d5 4. e3 Be7 5. Nf3 0-0 6. Be2 dxc4 7. Bxc4 c5 8. 0-0 cxd4 9. Qxd4 Nc6 10. Qxd8 Rxd8 11. e4 h6 12. e5 Nd7 13. Bf4 g5 14. Be3 b6 15. Rad1 Bb7 16. a3 Ncxe5 17. Nxe5 Nxe5 18. Be2 Bc5 19. Bxc5 bxc5 20. Rxd8+ Rxd8 21. Rd1 Rxd1+ 22. Nxd1 a5 23. Nc3 Bc6 24. f3 f5 25. Kf2 Kf7 26. Nb5 Ke7 27. Nc3 f4 28. Ne4 Bxe4 29. fxe4 c4 30. g3 Nd3+ 0-1

[Event "SN-2011-0-00360"]
[Site "LSS email"]
[Date "2011.07.08"]
[Round "?"]
[White "Enio, Walter"]
[Black "Sotnikov, Oleg"]
[Result "0-1"]
[WhiteElo "993"]
[BlackElo "985"]
[PlyCount "72"]
[EventDate "2011.06.29"]
[EventType "tourn (corr)"]
[EventRounds "6"]
[EventCountry "GER"]
[SourceTitle "Telechess CBM 149"]
[Source "ChessBase"]
[SourceDate "2012.07.17"]
[SourceVersion "1"]
[SourceVersionDate "2012.07.17"]
[SourceQuality "1"]

1. d4 d5 2. c4 Nf6 3. Nc3 c6 4. e3 Bg4 5. Be2 h5 6. h3 Bxe2 7. Qxe2 e6 8. Nf3 Nbd7 9. Bd2 Qc7 10. cxd5 exd5 11. a3 Be7 12. Qd3 0-0-0 13. Rc1 Kb8 14. Ng5 Rdf8 15. b4 Ne8 16. Nf3 g5 17. Nb5 Qb6 18. Nc3 g4 19. hxg4 hxg4 20. Nh2 Rh5 21. Na4 Qb5 22. Qxb5 cxb5 23. Nc5 Bxc5 24. bxc5 Rfh8 25. g3 Rxh2 26. Rg1 Nef6 27. Ke2 Ne4 28. Rcf1 Ndf6 29. Be1 Kc7 30. Kd3 b6 31. cxb6+ Kxb6 32. f3 gxf3 33. Rxf3 Ra2 34. Bb4 a5 35. Bc5+ Kc6 36. Rc1 Rd2# 0-1

[Event "LSS No Engine Cup 45 Preliminary 5"]
[Site "LSS email"]
[Date "2011.06.29"]
[Round "?"]
[White "Chang, Henk"]
[Black "Enio, Walter"]
[Result "1-0"]
[WhiteElo "1008"]
[BlackElo "994"]
[PlyCount "75"]
[EventDate "2011.06.30"]
[EventType "tourn (corr)"]
[EventRounds "6"]
[EventCountry "GER"]
[SourceTitle "Telechess CBM 151"]
[Source "ChessBase"]
[SourceDate "2012.11.13"]
[SourceVersion "1"]
[SourceVersionDate "2012.11.13"]
[SourceQuality "1"]

1. c4 c5 2. Nf3 Nc6 3. Nc3 Nf6 4. g3 g6 5. Bg2 Bg7 6. 0-0 0-0 7. a3 a6 8. Rb1 Rb8 9. b4 b5 10. bxc5 bxc4 11. Rxb8 Nxb8 12. Qa4 a5 13. Qxc4 Ba6 14. Qb3 Nc6 15. d4 d5 16. cxd6 Qxd6 17. Bf4 Qd7 18. d5 Nd8 19. Ne5 Qb7 20. Qxb7 Nxb7 21. Nc6 Re8 22. Rb1 Nd6 23. Nxe7+ Rxe7 24. Bxd6 Re8 25. e3 Ng4 26. Ne4 Nf6 27. Nxf6+ Bxf6 28. Bc7 Bd3 29. Rd1 Bb5 30. Bxa5 Bd7 31. d6 Rb8 32. Rc1 Bd8 33. Bxd8 Rxd8 34. Rc7 Kg7 35. Bc6 Bh3 36. d7 Rb8 37. f3 Rb1+ 38. Kf2 1-0

[Event "SF-2011-0-00101"]
[Site "LSS email"]
[Date "2011.06.22"]
[Round "?"]
[White "Puleston, Tim O"]
[Black "Enio, Walter"]
[Result "1/2-1/2"]
[WhiteElo "1049"]
[BlackElo "929"]
[PlyCount "45"]
[EventDate "2011.05.27"]
[EventType "tourn (corr)"]
[EventRounds "6"]
[EventCountry "GER"]
[SourceTitle "Telechess CBM 151"]
[Source "ChessBase"]
[SourceDate "2012.11.13"]
[SourceVersion "1"]
[SourceVersionDate "2012.11.13"]
[SourceQuality "1"]

1. d4 d5 2. c4 c6 3. Nc3 Nf6 4. e3 e6 5. Nf3 Be7 6. Bd3 Nbd7 7. e4 dxe4 8. Nxe4 Nxe4 9. Bxe4 Nf6 10. Bc2 Bb4+ 11. Bd2 Qa5 12. 0-0 Bxd2 13. Qxd2 Qxd2 14. Nxd2 0-0 15. Rad1 b5 16. b3 Bb7 17. Ne4 Nxe4 18. Bxe4 bxc4 19. bxc4 Rab8 20. Rd2 Ba6 21. Bxc6 Bxc4 22. Rfd1 Bd5 23. Bxd5 1/2-1/2

[Event "SF-2011-0-00101"]
[Site "LSS email"]
[Date "2011.06.22"]
[Round "?"]
[White "Shim Ng Min, Francis"]
[Black "Enio, Walter"]
[Result "1-0"]
[WhiteElo "1131"]
[BlackElo "929"]
[PlyCount "25"]
[EventDate "2011.05.27"]
[EventType "tourn (corr)"]
[EventRounds "6"]
[EventCountry "GER"]
[SourceTitle "Corr 2015"]
[Source "ChessBase"]
[SourceDate "2015.07.17"]
[SourceVersion "1"]
[SourceVersionDate "2015.07.17"]
[SourceQuality "1"]

1. e4 Nf6 2. e5 Nd5 3. d4 d6 4. Nf3 Bg4 5. Be2 Nc6 6. c4 Nb6 7. exd6 cxd6 8. d5 Bxf3 9. Bxf3 Ne5 10. Be2 g6 11. Be3 Nbxc4 12. Bxc4 Nxc4 13. Qa4+ 1-0

[Event "SF-2011-0-00101"]
[Site "LSS email"]
[Date "2011.06.21"]
[Round "?"]
[White "Enio, Walter"]
[Black "Simik, Frantisek"]
[Result "1-0"]
[WhiteElo "929"]
[BlackElo "888"]
[PlyCount "49"]
[EventDate "2011.05.27"]
[EventType "tourn (corr)"]
[EventRounds "6"]
[EventCountry "GER"]
[SourceTitle "Telechess CBM 151"]
[Source "ChessBase"]
[SourceDate "2012.11.13"]
[SourceVersion "1"]
[SourceVersionDate "2012.11.13"]
[SourceQuality "1"]

1. d4 d5 2. c4 e6 3. Nc3 Nf6 4. e3 Be7 5. Nf3 0-0 6. Bd3 dxc4 7. Bxc4 c6 8. 0-0 Nd5 9. e4 Nb6 10. Bd3 N8d7 11. a4 a5 12. Be3 Re8 13. Qc2 Bb4 14. e5 Bxc3 15. bxc3 Nd5 16. Bxh7+ Kf8 17. Bg5 f6 18. exf6 gxf6 19. Bh6+ Ke7 20. Ng5 fxg5 21. Bxg5+ N7f6 22. Qg6 Kd7 23. c4 Nb4 24. Bxf6 Qb6 25. Qf7+ 1-0

[Event "SF-2011-0-00101"]
[Site "LSS email"]
[Date "2011.06.21"]
[Round "?"]
[White "Horse, Madera"]
[Black "Enio, Walter"]
[Result "1-0"]
[WhiteElo "1237"]
[BlackElo "929"]
[PlyCount "21"]
[EventDate "2011.05.27"]
[EventType "tourn (corr)"]
[EventRounds "6"]
[EventCountry "GER"]
[SourceTitle "Corr 2015"]
[Source "ChessBase"]
[SourceDate "2015.07.17"]
[SourceVersion "1"]
[SourceVersionDate "2015.07.17"]
[SourceQuality "1"]

1. e4 Nf6 2. e5 Nd5 3. Nc3 Nxc3 4. dxc3 Nc6 5. Nf3 d6 6. Bf4 Bg4 7. Bb5 a6 8. Bxc6+ bxc6 9. h3 Bxf3 10. Qxf3 c5 11. Qc6+ 1-0

[Event "SN-2011-0-00333"]
[Site "LSS email"]
[Date "2011.04.19"]
[Round "?"]
[White "Enio, Walter"]
[Black "Dawkins, Arthur William"]
[Result "0-1"]
[WhiteElo "922"]
[BlackElo "923"]
[PlyCount "86"]
[EventDate "2011.04.03"]
[EventType "tourn (corr)"]
[EventRounds "6"]
[EventCountry "GER"]
[SourceTitle "Telechess CBM 147"]
[Source "ChessBase"]
[SourceDate "2012.03.16"]
[SourceVersion "1"]
[SourceVersionDate "2012.03.16"]
[SourceQuality "1"]

1. e4 c5 2. Bc4 e6 3. Nc3 Nc6 4. Nf3 Nf6 5. 0-0 d5 6. exd5 exd5 7. Re1+ Be7 8. Bb5 Bd7 9. d3 0-0 10. Bf4 a6 11. Bxc6 Bxc6 12. Ne5 Rc8 13. Nxc6 Rxc6 14. Ne2 Re6 15. Ng3 Rxe1+ 16. Qxe1 Re8 17. Qd2 Bd6 18. Bxd6 Qxd6 19. Re1 Rxe1+ 20. Qxe1 h6 21. h3 Qc6 22. Nf5 Qd7 23. Qe5 Kf8 24. Nxh6 Qe7 25. Qxe7+ Kxe7 26. Nf5+ Kf8 27. g4 b5 28. f4 g6 29. Ng3 Ke7 30. Kf2 Kd6 31. Kf3 a5 32. h4 c4 33. h5 gxh5 34. gxh5 Kc5 35. h6 b4 36. Nh5 Nh7 37. Kg4 a4 38. Kf5 b3 39. axb3 c3 40. d4+ Kd6 41. bxc3 a3 42. Nf6 Nf8 43. c4 a2 0-1

[Event "SN-2011-0-00333"]
[Site "LSS email"]
[Date "2011.04.19"]
[Round "?"]
[White "Enio, Walter"]
[Black "Holmquist, Marson C"]
[Result "1-0"]
[WhiteElo "922"]
[BlackElo "520"]
[PlyCount "39"]
[EventDate "2011.04.03"]
[EventType "tourn (corr)"]
[EventRounds "6"]
[EventCountry "GER"]
[SourceTitle "Telechess CBM 147"]
[Source "ChessBase"]
[SourceDate "2012.03.16"]
[SourceVersion "1"]
[SourceVersionDate "2012.03.16"]
[SourceQuality "1"]

1. e4 e5 2. Nf3 Nc6 3. Bc4 h6 4. Nc3 Nf6 5. a3 a6 6. 0-0 b5 7. Ba2 Bc5 8. d3 d5 9. exd5 Nxd5 10. Nxd5 0-0 11. Ne3 Nd4 12. b4 Bb6 13. Nxe5 Nf5 14. Nxf5 Bxf5 15. Qh5 Qf6 16. Bb2 Qd6 17. Qxf5 Rae8 18. Ng6 Qxg6 19. Qxg6 Re6 20. Qxg7# 1-0

[Event "SN-2011-0-00333"]
[Site "LSS email"]
[Date "2011.04.18"]
[Round "?"]
[White "Sagi, Raju"]
[Black "Enio, Walter"]
[Result "0-1"]
[WhiteElo "320"]
[BlackElo "922"]
[PlyCount "108"]
[EventDate "2011.04.03"]
[EventType "tourn (corr)"]
[EventRounds "6"]
[EventCountry "GER"]
[SourceTitle "Telechess CBM 147"]
[Source "ChessBase"]
[SourceDate "2012.03.16"]
[SourceVersion "1"]
[SourceVersionDate "2012.03.16"]
[SourceQuality "1"]

1. e4 Nf6 2. Nf3 d6 3. d3 e5 4. Be2 Be7 5. 0-0 0-0 6. Nc3 Nc6 7. Nd5 Nd4 8. Nxd4 exd4 9. Nxf6+ Bxf6 10. Bd2 Be5 11. g3 b6 12. c3 c5 13. Bh5 dxc3 14. bxc3 Be6 15. Bg4 Bxg4 16. Qxg4 g6 17. Bf4 Bxc3 18. Rad1 Bg7 19. Bg5 Qc7 20. Qf4 Be5 21. Qe3 Rfe8 22. Bf4 Qd7 23. Bxe5 Rxe5 24. Qh6 Rh5 25. Qf4 Qh3 26. g4 Qh4 27. f3 Re5 28. d4 cxd4 29. Rxd4 Qe7 30. Rd5 Rxd5 31. exd5 Rc8 32. Kf2 Rc2+ 33. Kg3 Rxa2 34. Rf2 Rxf2 35. Kxf2 Kf8 36. Qh6+ Kg8 37. Qc1 Kg7 38. h3 Qb7 39. Qa3 Qc7 40. Qb2+ Kg8 41. Qa3 Qc5+ 42. Qe3 Kf8 43. Qxc5 bxc5 44. Ke1 Ke7 45. Kd1 g5 46. Kc1 Kf6 47. Kc2 Ke5 48. Kc3 Kxd5 49. Kd3 c4+ 50. Kc3 a5 51. Kb2 Kd4 52. Ka3 c3 53. Ka4 c2 54. Kxa5 c1Q 0-1

[Event "BI-2011-P-00012"]
[Site "LSS email"]
[Date "2011.04.17"]
[Round "?"]
[White "Aalderink, Gerwin"]
[Black "Enio, Walter"]
[Result "1-0"]
[WhiteElo "2084"]
[BlackElo "994"]
[PlyCount "35"]
[EventDate "2011.04.20"]
[EventType "tourn (corr)"]
[EventRounds "10"]
[EventCountry "GER"]
[SourceTitle "Telechess CBM 157"]
[Source "ChessBase"]
[SourceDate "2013.11.12"]
[SourceVersion "1"]
[SourceVersionDate "2013.11.12"]
[SourceQuality "1"]

1. e4 Nf6 2. e5 Nd5 3. d4 d6 4. Nf3 Nc6 5. c4 Nb6 6. Nc3 Bg4 7. exd6 cxd6 8. Be3 g6 9. h3 Bd7 10. c5 dxc5 11. dxc5 Nc8 12. Qb3 e6 13. 0-0-0 Bg7 14. h4 Rb8 15. Bf4 e5 16. Bg5 N8e7 17. h5 f6 18. h6 1-0

[Event "LSS No Engine Cup 41 Preliminary 1"]
[Site "LSS email"]
[Date "2011.04.17"]
[Round "?"]
[White "Enio, Walter"]
[Black "Broniek, Mariusz Maciej"]
[Result "1-0"]
[WhiteElo "994"]
[BlackElo "1689"]
[PlyCount "33"]
[EventDate "2011.04.18"]
[EventType "tourn (corr)"]
[EventRounds "6"]
[EventCountry "GER"]
[SourceTitle "Corr 2015"]
[Source "ChessBase"]
[SourceDate "2015.07.17"]
[SourceVersion "1"]
[SourceVersionDate "2015.07.17"]
[SourceQuality "1"]

1. d4 d5 2. c4 e6 3. Nc3 Nf6 4. e3 c6 5. cxd5 exd5 6. Nf3 Bd6 7. Bd3 Bg4 8. h3 Bxf3 9. Qxf3 0-0 10. g4 Nbd7 11. g5 Ne8 12. h4 Qe7 13. Qh5 f5 14. f4 Bxf4 15. 0-0 Bxe3+ 16. Kg2 Bxd4 17. Rxf5 1-0

[Event "BI-2011-P-00012"]
[Site "LSS email"]
[Date "2011.04.17"]
[Round "?"]
[White "Enio, Walter"]
[Black "Laczay, Istvan"]
[Result "0-1"]
[WhiteElo "994"]
[BlackElo "1579"]
[PlyCount "24"]
[EventDate "2011.04.20"]
[EventType "tourn (corr)"]
[EventRounds "10"]
[EventCountry "GER"]
[SourceTitle "Corr 2015"]
[Source "ChessBase"]
[SourceDate "2015.07.17"]
[SourceVersion "1"]
[SourceVersionDate "2015.07.17"]
[SourceQuality "1"]

1. d4 Nf6 2. Nf3 g6 3. e3 Bg7 4. Nc3 d5 5. Bd3 0-0 6. 0-0 Nbd7 7. Bd2 Re8 8. Ne2 Ne4 9. c4 Nxd2 10. Qxd2 e5 11. Nxe5 Nxe5 12. dxe5 dxc4 0-1

[Event "LSS No Engine Cup 41 Preliminary 1"]
[Site "LSS email"]
[Date "2011.04.17"]
[Round "?"]
[White "Enio, Walter"]
[Black "Lombardi, Donato"]
[Result "0-1"]
[WhiteElo "994"]
[BlackElo "856"]
[PlyCount "64"]
[EventDate "2011.04.18"]
[EventType "tourn (corr)"]
[EventRounds "6"]
[EventCountry "GER"]
[SourceTitle "Telechess CBM 151"]
[Source "ChessBase"]
[SourceDate "2012.11.13"]
[SourceVersion "1"]
[SourceVersionDate "2012.11.13"]
[SourceQuality "1"]

1. d4 d5 2. c4 e6 3. e3 Nf6 4. Nc3 Bb4 5. Bd2 0-0 6. a3 Bxc3 7. Bxc3 c5 8. Nf3 Nc6 9. Bd3 cxd4 10. exd4 Re8 11. 0-0 dxc4 12. Bxc4 a6 13. Bb3 Nd5 14. Bc2 Bd7 15. Qd3 g6 16. Bd2 Qb6 17. b4 Rac8 18. Rac1 Nce7 19. Ne5 Bb5 20. Qf3 Nf5 21. Rfe1 Qxd4 22. a4 Qxd2 23. axb5 Rxc2 24. Rcd1 Qf4 25. Qxf4 Nxf4 26. g3 Nd5 27. bxa6 bxa6 28. Ng4 h5 29. Ne5 Nd6 30. Nd3 Nb5 31. Ra1 Rec8 32. Rxa6 R2c3 0-1

[Event "BI-2011-P-00012"]
[Site "LSS email"]
[Date "2011.04.17"]
[Round "?"]
[White "Enio, Walter"]
[Black "Milde, Lars"]
[Result "0-1"]
[WhiteElo "994"]
[BlackElo "1814"]
[PlyCount "56"]
[EventDate "2011.04.20"]
[EventType "tourn (corr)"]
[EventRounds "10"]
[EventCountry "GER"]
[SourceTitle "Telechess CBM 155"]
[Source "ChessBase"]
[SourceDate "2013.07.16"]
[SourceVersion "1"]
[SourceVersionDate "2013.07.16"]
[SourceQuality "1"]

1. d4 d5 2. c4 dxc4 3. e3 Nf6 4. Bxc4 e6 5. Nf3 a6 6. Nc3 c5 7. 0-0 b5 8. Be2 Bb7 9. dxc5 Bxc5 10. Qxd8+ Kxd8 11. a3 Nbd7 12. b4 Bd6 13. Bb2 Ke7 14. Rac1 Rac8 15. h3 Rhd8 16. Rfd1 Nb6 17. e4 Nxe4 18. Nxe4 Bxe4 19. Bxg7 Rxc1 20. Rxc1 Bf4 21. Rd1 Bxf3 22. Rxd8 Bxe2 23. Rd4 Nd5 24. g3 Bc1 25. Rh4 Bxa3 26. Rxh7 Bxb4 27. h4 Bc3 28. Bh6 b4 0-1

[Event "SN-2010-0-00291"]
[Site "LSS email"]
[Date "2010.11.28"]
[Round "?"]
[White "Pauk, Jozef"]
[Black "Enio, Walter"]
[Result "0-1"]
[WhiteElo "833"]
[BlackElo "900"]
[PlyCount "76"]
[EventDate "2010.11.13"]
[EventType "tourn (corr)"]
[EventRounds "6"]
[EventCountry "GER"]
[SourceTitle "Telechess CBM 145"]
[Source "Chessbase"]
[SourceDate "2011.11.11"]
[SourceVersion "1"]
[SourceVersionDate "2011.11.11"]
[SourceQuality "1"]

1. Nf3 Nc6 2. d4 d5 3. e3 Nf6 4. Bb5 Bd7 5. c3 a6 6. Bxc6 Bxc6 7. 0-0 e6 8. Ne5 Bd6 9. Nxc6 bxc6 10. Nd2 0-0 11. Nf3 c5 12. dxc5 Bxc5 13. Ne5 Bd6 14. f4 Bxe5 15. fxe5 Nd7 16. e4 Nxe5 17. b3 Qe7 18. Be3 dxe4 19. Bd4 Rad8 20. Qh5 f6 21. Bxe5 fxe5 22. Qxe5 Rd5 23. Qg3 Qc5+ 24. Kh1 Rdf5 25. Rg1 Rg5 26. Qe1 Qe5 27. Qe3 Rh5 28. g3 Rhf5 29. Rad1 Rf3 30. Qd4 Qf5 31. Qc4 Rf2 32. Rg2 Rxg2 33. Kxg2 Qf3+ 34. Kg1 Qxd1+ 35. Kg2 Qf3+ 36. Kh3 Qf5+ 37. Kg2 Qe5 38. Qxa6 e3 0-1

[Event "SN-2010-0-00291"]
[Site "LSS email"]
[Date "2010.11.25"]
[Round "?"]
[White "Vontina, Maria"]
[Black "Enio, Walter"]
[Result "0-1"]
[WhiteElo "599"]
[BlackElo "900"]
[PlyCount "70"]
[EventDate "2010.11.13"]
[EventType "tourn (corr)"]
[EventRounds "6"]
[EventCountry "GER"]
[SourceTitle "Telechess CBM 145"]
[Source "Chessbase"]
[SourceDate "2011.11.11"]
[SourceVersion "1"]
[SourceVersionDate "2011.11.11"]
[SourceQuality "1"]

1. e4 Nf6 2. e5 Nd5 3. d4 d6 4. c4 Nb6 5. f4 dxe5 6. fxe5 e6 7. Be3 Nc6 8. Nf3 h6 9. Be2 Be7 10. 0-0 Na5 11. b3 0-0 12. Qd2 Nc6 13. Nc3 a6 14. a3 Nd7 15. b4 b6 16. Rad1 f6 17. exf6 Nxf6 18. d5 exd5 19. cxd5 Nb8 20. Ne5 Bd6 21. Nf3 Bf5 22. Nd4 Bd7 23. Nf5 Bxf5 24. Rxf5 Nbd7 25. Bd4 Qe7 26. Bc4 b5 27. Bb3 Ne4 28. Rxf8+ Rxf8 29. Nxe4 Qxe4 30. Re1 Qh4 31. h3 Qg3 32. Bf2 Qxb3 33. Ra1 Rf5 34. Be3 Rxd5 35. Qe1 Re5 0-1

[Event "LSS No Engine Cup 31 Preliminary 3"]
[Site "LSS email"]
[Date "2010.11.22"]
[Round "?"]
[White "Potemri, Stefan"]
[Black "Enio, Walter"]
[Result "1-0"]
[WhiteElo "1593"]
[BlackElo "929"]
[PlyCount "29"]
[EventDate "2010.11.23"]
[EventType "tourn (corr)"]
[EventRounds "6"]
[EventCountry "GER"]
[SourceTitle "Corr 2015"]
[Source "ChessBase"]
[SourceDate "2015.07.17"]
[SourceVersion "1"]
[SourceVersionDate "2015.07.17"]
[SourceQuality "1"]

1. e4 Nf6 2. e5 Nd5 3. d4 d6 4. Nf3 Nc6 5. c4 Nb6 6. Nc3 dxe5 7. d5 Nd4 8. Nxd4 exd4 9. Qxd4 e6 10. Bf4 c5 11. Qe3 Bd6 12. Bxd6 Qxd6 13. Nb5 Qe7 14. d6 Nxc4 15. Bxc4 1-0

[Event "LSS No Engine Cup 22 Preliminary 7"]
[Site "LSS email"]
[Date "2010.05.19"]
[Round "?"]
[White "Enio, Walter"]
[Black "Pauk, Jozef"]
[Result "0-1"]
[WhiteElo "913"]
[BlackElo "832"]
[PlyCount "56"]
[EventDate "2010.05.20"]
[EventType "tourn (corr)"]
[EventRounds "6"]
[EventCountry "GER"]
[SourceTitle "Telechess CBM 141"]
[Source "ChessBase"]
[SourceDate "2011.03.17"]
[SourceVersion "1"]
[SourceVersionDate "2011.03.17"]
[SourceQuality "1"]

1. d4 d5 2. c4 c6 3. Nc3 Nf6 4. Nf3 Bf5 5. e3 e6 6. Be2 Bd6 7. cxd5 exd5 8. 0-0 h5 9. Ne5 Bxe5 10. dxe5 Ng4 11. f3 Nxe5 12. e4 Be6 13. f4 Ng4 14. h3 Nf6 15. exd5 Bxd5 16. Nxd5 cxd5 17. Qe1 0-0 18. Be3 Nc6 19. Rd1 d4 20. f5 Qb6 21. Bf2 Rfe8 22. b3 Ne4 23. Rd3 Nc3 24. Rxc3 Qa5 25. Rd3 Qxa2 26. Rd2 Qxb3 27. Qa1 Qc3 28. Qxc3 dxc3 0-1

[Event "LSS No Engine Cup 22 Preliminary 7"]
[Site "LSS email"]
[Date "2010.05.19"]
[Round "?"]
[White "Enio, Walter"]
[Black "Tassinati, Mirco"]
[Result "0-1"]
[WhiteElo "921"]
[BlackElo "566"]
[PlyCount "54"]
[EventDate "2010.05.20"]
[EventType "tourn (corr)"]
[EventRounds "6"]
[EventCountry "GER"]
[SourceTitle "Telechess CBM 141"]
[Source "ChessBase"]
[SourceDate "2011.03.17"]
[SourceVersion "1"]
[SourceVersionDate "2011.03.17"]
[SourceQuality "1"]

1. d4 d5 2. c4 Nf6 3. Nc3 dxc4 4. e3 e6 5. Bxc4 Bb4 6. Bd2 Bxc3 7. Bxc3 Nc6 8. Nf3 Ne4 9. d5 Nxc3 10. bxc3 exd5 11. Qxd5 Qxd5 12. Bxd5 Ne7 13. Bb3 0-0 14. 0-0 Be6 15. Bc2 a5 16. Ng5 Bc4 17. Rfd1 g6 18. Bb3 Bxb3 19. axb3 b6 20. Rd7 Rfe8 21. Rxc7 Rac8 22. Rxc8 Rxc8 23. c4 h6 24. Nf3 f5 25. Rd1 g5 26. h3 g4 27. hxg4 fxg4 0-1

[Event "LSS No Engine Cup 18 Preliminary 6"]
[Site "LSS email"]
[Date "2010.03.05"]
[Round "?"]
[White "Rice, Duncan"]
[Black "Enio, Walter"]
[Result "1-0"]
[WhiteElo "766"]
[BlackElo "909"]
[PlyCount "53"]
[EventDate "2010.03.06"]
[EventType "tourn (corr)"]
[EventRounds "6"]
[EventCountry "GER"]
[SourceTitle "Telechess CBM 147"]
[Source "ChessBase"]
[SourceDate "2012.03.16"]
[SourceVersion "1"]
[SourceVersionDate "2012.03.16"]
[SourceQuality "1"]

1. e4 Nf6 2. Nc3 d5 3. e5 Nfd7 4. d4 c5 5. Nf3 e6 6. Bb5 Nc6 7. 0-0 Be7 8. a3 cxd4 9. Nxd4 Nxd4 10. Qxd4 0-0 11. Bd3 f5 12. Qe3 Qc7 13. Qg3 Qxe5 14. Bf4 Qf6 15. Rfe1 Nc5 16. Be2 a6 17. Be5 Qg5 18. Qxg5 Bxg5 19. Bd6 d4 20. Na2 Re8 21. Bxc5 Bf6 22. Rad1 e5 23. c3 dxc3 24. Nxc3 Be6 25. f3 Rac8 26. b4 b6 27. Bxa6 1-0

[Event "LSS No Engine Cup Gr03 prel 02 email"]
[Site "LSS email"]
[Date "2009.07.16"]
[Round "?"]
[White "Nikel, Bogdan"]
[Black "Enio, Walter"]
[Result "1-0"]
[WhiteElo "2238"]
[BlackElo "970"]
[PlyCount "33"]
[EventDate "2009.07.17"]
[EventType "tourn (corr)"]
[EventRounds "6"]
[EventCountry "GER"]
[SourceTitle "Telechess CBM 137"]
[Source "ChessBase"]
[SourceDate "2010.07.15"]
[SourceVersion "1"]
[SourceVersionDate "2010.07.15"]
[SourceQuality "1"]

1. e4 Nf6 2. e5 Nd5 3. d4 d6 4. Nf3 Nc6 5. Bb5 Bg4 6. c4 Nb6 7. d5 a6 8. dxc6 axb5 9. cxb7 Rb8 10. h3 Bxf3 11. Qxf3 Nxc4 12. e6 Ne5 13. exf7+ Nxf7 14. a4 Ne5 15. Qe4 Qd7 16. a5 g6 17. a6 1-0

[Event "LSS BI-2008-F-00015"]
[Site "LSS email"]
[Date "2009.03.02"]
[Round "?"]
[White "Enio, Walter"]
[Black "Pehl, Ferenc"]
[Result "0-1"]
[WhiteElo "1025"]
[BlackElo "826"]
[PlyCount "82"]
[EventDate "2009.03.03"]
[EventType "tourn (corr)"]
[EventRounds "10"]
[EventCountry "GER"]
[SourceTitle "Corr 2011"]
[Source "ChessBase"]
[SourceDate "2010.08.31"]
[SourceVersion "1"]
[SourceVersionDate "2010.08.31"]
[SourceQuality "1"]

1. e4 e6 2. Nf3 d5 3. e5 c5 4. Bb5+ Bd7 5. Bxd7+ Qxd7 6. 0-0 c4 7. d4 Nc6 8. Nc3 Nge7 9. Bd2 Ng6 10. a3 a6 11. Na4 Qc7 12. b3 cxb3 13. cxb3 Be7 14. b4 0-0 15. Rc1 Qd8 16. Nc5 Bxc5 17. Rxc5 h6 18. Qe2 Qe7 19. Be3 Rab8 20. Rcc1 Rfc8 21. Rfd1 Kf8 22. Qd3 Na7 23. Rxc8+ Rxc8 24. Rc1 Qd7 25. Rxc8+ Qxc8 26. h3 Ke7 27. Qd2 Qc4 28. Qc1 Qxc1+ 29. Bxc1 Nb5 30. g3 Nc3 31. Kf1 Kd7 32. Nd2 Kc6 33. Ke1 Kb5 34. Bb2 Na4 35. Ba1 Nb6 36. Kd1 Nc4 37. Nxc4 Kxc4 38. Kc2 Ne7 39. g4 Nc6 40. f4 Nxd4+ 41. Bxd4 Kxd4 0-1

[Event "LSS BI-2008-F-00015"]
[Site "LSS email"]
[Date "2009.03.02"]
[Round "?"]
[White "Ong, Allan C"]
[Black "Enio, Walter"]
[Result "1-0"]
[WhiteElo "736"]
[BlackElo "1025"]
[PlyCount "57"]
[EventDate "2009.03.03"]
[EventType "tourn (corr)"]
[EventRounds "10"]
[EventCountry "GER"]
[SourceTitle "Corr 2011"]
[Source "ChessBase"]
[SourceDate "2010.08.31"]
[SourceVersion "1"]
[SourceVersionDate "2010.08.31"]
[SourceQuality "1"]

1. d4 d5 2. e3 Nf6 3. Bd3 e6 4. f4 Be7 5. Nf3 0-0 6. 0-0 Nc6 7. c3 a6 8. Ne5 Na5 9. Nd2 b5 10. Ndf3 h6 11. g4 Nc4 12. b3 Nd6 13. g5 hxg5 14. fxg5 Nfe4 15. g6 f6 16. Ng4 f5 17. Nge5 Nxc3 18. Qe1 Nce4 19. Nc6 Qe8 20. Nfe5 Bf6 21. Ba3 Bb7 22. Rc1 Bxc6 23. Rxc6 Bxe5 24. dxe5 Qxg6+ 25. Kh1 Qe8 26. Rxc7 Rf7 27. Rxf7 Qxf7 28. exd6 Rd8 29. Bxe4 1-0

[Event "LSS BI-2008-F-00015"]
[Site "LSS email"]
[Date "2009.03.02"]
[Round "?"]
[White "Trevis, Robert R"]
[Black "Enio, Walter"]
[Result "1/2-1/2"]
[WhiteElo "972"]
[BlackElo "1025"]
[PlyCount "65"]
[EventDate "2009.03.03"]
[EventType "tourn (corr)"]
[EventRounds "10"]
[EventCountry "GER"]
[SourceTitle "Corr 2011"]
[Source "ChessBase"]
[SourceDate "2010.08.31"]
[SourceVersion "1"]
[SourceVersionDate "2010.08.31"]
[SourceQuality "1"]

1. e4 Nf6 2. e5 Nd5 3. d4 d6 4. Nf3 Bg4 5. Be2 dxe5 6. dxe5 e6 7. 0-0 Be7 8. c4 Nb6 9. Qxd8+ Bxd8 10. Nc3 0-0 11. Be3 N8d7 12. h3 Bxf3 13. Bxf3 c6 14. Be2 Nxe5 15. b3 Be7 16. Rad1 Rad8 17. Ne4 Nc8 18. Rfe1 b6 19. Bf4 f6 20. Be3 Nd6 21. Ng3 c5 22. Bf4 Ndf7 23. Ne4 Rxd1 24. Rxd1 Rd8 25. Rxd8+ Bxd8 26. a3 a5 27. Nc3 Nd6 28. Bg3 Nf5 29. Bf4 Nd4 30. Bd1 g5 31. Bxe5 fxe5 32. Bg4 Kf7 33. Bh5+ 1/2-1/2